Smallville Surnames Quiz Stats

 Plays Quiz Updated Feb 20, 2020

Support Sporcle.
Go Orange.
Score 0/18 Timer 04:00
0 Plays Today
First Name Surname % Correct
ClarkKent
99.7%
LoisLane
96.7%
LexLuthor
88.4%
LanaLang
87.8%
JimmyOlsen
76.6%
ChloeSullivan
73.2%
OliverQueen
70.4%
TessMercer
56%
PeteRoss
43%
First Name Surname % Correct
DavisBloome
41.5%
ArthurCurry
39.3%
MiltonFine
36.7%
BartAllen
35.4%
JasonTeague
30.4%
WhitneyFordman
25.3%
VictorStone
25.3%
DinahLance
24.8%
GrantGabriel
18.2%

You're not logged in!

Compare scores with friends on all Sporcle quizzes.
OR
Log In

From the Vault

African Country Anagram Match-Up

by mrsmith

Anagrams have taken over! Help reassemble the continent!
Remove Ads.
Support Sporcle.
Get the best of Sporcle when you Go Orange. This ad-free experience offers more features, more stats, and more fun while also helping to support Sporcle. Thank you for becoming a member.

Show Comments

Extras

Top Quizzes Today


Score Distribution

Your Account Isn't Verified!

In order to create a playlist on Sporcle, you need to verify the email address you used during registration. Go to your Sporcle Settings to finish the process.

Report this User

Report this user for behavior that violates our Community Guidelines.

Details: